000
00353nam a2200145 a 4500
001
0421
005
20140414131927.0
008
040106s19uu xx 00 eng d
050
_a
ER
_b
Sa5 1997
245
_a
Santa's peppermint rescue.
260
_a
U.S.A :
_b
Landoll,
_c
1997.
300
_a
p. ; cm.
650
_a
Christmas
_x
Fiction.
999
_c
112094
_d
112094